Cargando...
Indian Political System and Constitution making
| Autor Principal: | |
|---|---|
| Formato: | Printed Book |
| Idioma: | English |
| Publicado: |
New Delhi, Deep & Deep Publications
1997 |
| Series: | Political system and constitution of India
|
| Subjects: |
| LEADER | 006140000a22002050004500 | ||
|---|---|---|---|
| 020 | |a 8171008747 | ||
| 041 | |a eng | ||
| 082 | |a 320.509 54 N7 | ||
| 100 | |a Grover, Verinder |9 123606 | ||
| 245 | |a Indian Political System and Constitution making | ||
| 260 | |a New Delhi, Deep & Deep Publications | ||
| 260 | |a 1997 | ||
| 465 | |a R 1150 | ||
| 490 | |a Political system and constitution of India |c 1 | ||
| 650 | |a Constitution |9 123607 | ||
| 650 | |a India |9 123608 | ||
| 650 | |a Politics |9 123609 | ||
| 942 | |c BK | ||
| 999 | |c 169079 |d 169075 | ||
| 952 | |0 0 |1 0 |4 0 |7 0 |9 167494 |a SPS |b SPS |d 2019-04-16 |l 0 |p SPS03241 |r 2019-04-16 |w 2019-04-16 |y BK | ||